[Event "Sparkassen-Open A"]
[Site "Heusenstamm, Martinsee"]
[Date "2015.11.28"]
[Round "4.60"]
[White "Füssel, Jan Michael"]
[Black "Pabel, Ralph"]
[Result "0-1"]
[WhiteElo "1788"]
[BlackElo "1938"]
[PlyCount "66"]
[EventDate "2015.??.??"]
[WhiteTeam "VSG Offenbach"]
[BlackTeam "SK Mainaschaff"]

1. b3 d5 2. e3 e5 3. Bb2 Nd7 4. c4 Ngf6 5. Nf3 e4 6. Ne5 Nxe5 7. Bxe5 c6 8. Be2
dxc4 9. Bxc4 Ng4 10. Bg3 Bd6 11. Bxd6 Qxd6 12. Nc3 f5 13. f4 exf3 14. Qxf3 Ne5
15. Qf4 h6 16. h4 Nxc4 17. Qxc4 Be6 18. Qe2 O-O-O 19. O-O-O Qa3+ 20. Kb1 Rhe8
21. d4 Re7 22. Qf3 Qa5 23. Kb2 Kb8 24. Rhe1 Red7 25. Qg3+ Ka8 26. Ne2 Bd5 27.
Qe5 Qb4 28. Nf4 g5 29. hxg5 hxg5 30. Ne6 Bxe6 31. Qxe6 Rd5 32. a3 Qf8 33. b4
R8d6 0-1

[Event "Sparkassen-Open A"]
[Site "Heusenstamm, Martinsee"]
[Date "2015.11.28"]
[Round "4.61"]
[White "Bunjaku, Lulzim"]
[Black "Weil, Michael"]
[Result "0-1"]
[WhiteElo "1766"]
[BlackElo "1935"]
[PlyCount "70"]
[EventDate "2015.??.??"]
[WhiteTeam "SC Heusenstamm"]
[BlackTeam "SC Steinbach"]

1. f4 d5 2. Nf3 c6 3. e3 f5 4. Ne5 Nf6 5. Be2 e6 6. d4 Bd6 7. b3 O-O 8. Nd2 Qa5
9. O-O Qc3 10. Ndc4 Qxa1 11. Nxd6 Qxa2 12. g4 Qa5 13. Bd3 g6 14. g5 Ne4 15.
Bxe4 dxe4 16. h4 Nd7 17. Nxc8 Nxe5 18. Ne7+ Kf7 19. dxe5 Rad8 20. Qe1 Qxe1 21.
Rxe1 Rfe8 22. Ba3 Rxe7 23. Bxe7 Kxe7 24. Kf2 Rd2+ 25. Re2 Rxe2+ 26. Kxe2 c5 27.
Kd2 Kd7 28. c4 Kc6 29. Kc3 Kb6 30. Kb2 Ka5 31. Kc3 a6 32. Kc2 Kb4 33. Kb2 a5
34. Kc2 a4 35. bxa4 Kxa4 0-1

[Event "Sparkassen-Open A"]
[Site "Heusenstamm, Martinsee"]
[Date "2015.11.28"]
[Round "4.62"]
[White "Paeslack, Luis"]
[Black "Schindelmeiser, Frank"]
[Result "0-1"]
[WhiteElo "1752"]
[BlackElo "1931"]
[PlyCount "140"]
[EventDate "2015.??.??"]
[WhiteTeam "SK Mainaschaff"]
[BlackTeam "SV Oberursel"]

1. d4 Nf6 2. c4 c5 3. d5 b5 4. Qc2 g6 5. e4 d6 6. Nf3 Nbd7 7. Nc3 b4 8. Nb1 Bg7
9. Bd3 O-O 10. O-O Ng4 11. Bf4 Nde5 12. Nxe5 Nxe5 13. Bxe5 Bxe5 14. Nd2 Bg4 15.
h3 Bd7 16. Nf3 Bg7 17. Rfe1 a5 18. e5 dxe5 19. Nxe5 Ra6 20. Re2 Rd6 21. Rae1
Bf6 22. Qd2 Kg7 23. Kh1 e6 24. Qe3 Qc7 25. Nxd7 Rxd7 26. dxe6 fxe6 27. Bb1 Bd4
28. Qxe6 Rxf2 29. Rxf2 Bxf2 30. Rf1 Re7 31. Qd5 Bd4 32. b3 Qg3 33. Qd8 Bf6 34.
Qd3 Re3 35. Qd7+ Kh6 36. Qg4 Qxg4 37. hxg4 Bd4 38. Kh2 Kg5 39. g3 Kxg4 40. Rf4+
Kg5 41. Rf7 Re2+ 42. Kh3 Bg1 43. g4 Bd4 44. Kg3 h5 45. gxh5 Kxh5 46. Ra7 Re3+
47. Kf4 g5+ 48. Kf5 Re5+ 49. Kf6 Re1+ 50. Kf5 Rf1+ 51. Ke4 Rxb1 52. Rxa5 Kg4
53. Ra7 Re1+ 54. Kd3 Re3+ 55. Kd2 Kf3 56. a4 bxa3 57. Rxa3 g4 58. Ra6 Rxb3 59.
Kc2 Rc3+ 60. Kd2 Rxc4 61. Ra2 Be3+ 62. Kd3 Rd4+ 63. Kc3 g3 64. Ra1 g2 65. Kb3
g1=Q 66. Rxg1 Bxg1 67. Kb2 Ke3 68. Kc2 Rc4+ 69. Kd1 Bh2 70. Ke1 Rc1# 0-1

[Event "Sparkassen-Open A"]
[Site "Heusenstamm, Martinsee"]
[Date "2015.11.28"]
[Round "4.63"]
[White "Illenberger, Dirk"]
[Black "Winand, Edgar"]
[Result "0-1"]
[WhiteElo "1746"]
[BlackElo "1922"]
[PlyCount "56"]
[EventDate "2015.??.??"]
[WhiteTeam "FV Berkersheim"]
[BlackTeam "SC Flörsheim"]

1. e4 d6 2. d4 g6 3. Nc3 Bg7 4. Be3 a6 5. Qd2 b5 6. f3 Bb7 7. h4 h5 8. Nh3 Nd7
9. O-O-O Rc8 10. Kb1 c5 11. Ne2 cxd4 12. Bxd4 Ngf6 13. Nf2 Qc7 14. Bc3 Bh6 15.
f4 Bxe4 16. Nxe4 Nxe4 17. Qd4 Nxc3+ 18. Nxc3 O-O 19. Rd3 Bg7 20. Qf2 Nc5 21.
Rg3 Bxc3 22. Rxc3 Ne4 23. Rxc7 Nxf2 24. Rxc8 Rxc8 25. Rg1 Kg7 26. Be2 e5 27.
Rf1 Ne4 28. Bf3 Nd2+ 0-1

[Event "Sparkassen-Open A"]
[Site "Heusenstamm, Martinsee"]
[Date "2015.11.28"]
[Round "4.64"]
[White "Cors, Heinz-Friedrich"]
[Black "Zerhusen, Martin"]
[Result "1-0"]
[WhiteElo "1916"]
[BlackElo "1762"]
[PlyCount "77"]
[EventDate "2015.??.??"]
[WhiteTeam "Schachforum Darmstadt"]
[BlackTeam "SV Oberursel"]

1. e4 c5 2. Nf3 d6 3. d4 cxd4 4. Nxd4 Nc6 5. c4 Bd7 6. Nc3 g6 7. Be3 Bg7 8. Be2
Nf6 9. O-O O-O 10. Kh1 a6 11. f4 Nxd4 12. Bxd4 Bc6 13. Bf3 Rc8 14. Rc1 Qa5 15.
Qe1 Qd8 16. Qf2 Qd7 17. Nd5 Bxd5 18. exd5 Ng4 19. Qd2 Bxd4 20. Qxd4 Nf6 21. Be2
Rc7 22. Bd3 Rfc8 23. f5 Qa4 24. fxg6 hxg6 25. Rc3 Rc5 26. Qf4 Qe8 27. Be2 Kg7
28. Rh3 Ng8 29. Qh4 b5 30. Qh7+ Kf8 31. b3 bxc4 32. bxc4 Ra5 33. Bd3 f5 34.
Bxf5 gxf5 35. Rxf5+ Nf6 36. Qh8+ Kf7 37. Qh7+ Kf8 38. Rg3 Qf7 39. Qh8+ 1-0

[Event "Sparkassen-Open A"]
[Site "Heusenstamm, Martinsee"]
[Date "2015.11.28"]
[Round "4.65"]
[White "Bethke, Richard"]
[Black "Bittner, Peter"]
[Result "1/2-1/2"]
[WhiteElo "1672"]
[BlackElo "1912"]
[PlyCount "71"]
[EventDate "2015.??.??"]
[WhiteTeam "SC Gelnhausen"]
[BlackTeam "SC Nied"]

1. e4 e5 2. Nf3 Nc6 3. Bc4 Be7 4. c3 Nf6 5. d3 d6 6. Bb3 Bg4 7. Nbd2 a6 8. Nf1
h6 9. h3 Be6 10. Ng3 Qd7 11. Bxe6 fxe6 12. Nh4 g5 13. Ng6 Rg8 14. Nxe7 Qxe7 15.
Be3 O-O-O 16. b4 d5 17. exd5 Nxd5 18. Bc5 Qh7 19. O-O Nxc3 20. Qb3 Nd5 21. b5
axb5 22. Qxb5 Nb6 23. Ne4 Qf7 24. Bxb6 cxb6 25. Qxb6 Rxd3 26. Nc5 Rd6 27. Rab1
Rg7 28. Rfd1 Rxd1+ 29. Rxd1 Nd4 30. Nd3 Qc7 31. Qxc7+ Rxc7 32. Nxe5 Ne2+ 33.
Kf1 Nf4 34. g3 Nd5 35. Nd3 Kb8 36. Re1 1/2-1/2

[Event "Sparkassen-Open A"]
[Site "Heusenstamm, Martinsee"]
[Date "2015.11.28"]
[Round "4.66"]
[White "van Foreest, Pieter"]
[Black "Kube, Jens"]
[Result "0-1"]
[WhiteElo "1661"]
[BlackElo "1890"]
[PlyCount "100"]
[EventDate "2015.??.??"]
[WhiteTeam "vereinslos"]
[BlackTeam "SC Steinbach"]

1. e4 c5 2. Nf3 g6 3. d4 cxd4 4. Qxd4 Nf6 5. e5 Nc6 6. Qc3 Nd5 7. Qb3 Nb6 8.
Na3 Bg7 9. Ng5 O-O 10. Qh3 h6 11. Nf3 h5 12. Qh4 Nxe5 13. Nxe5 Bxe5 14. g4 Bf6
15. Qg3 Na4 16. Bb5 h4 17. Qb3 Nc5 18. Qe3 d6 19. Qh6 e5 20. g5 Bg7 21. Qxh4
Ne6 22. Qg3 Bd7 23. h4 Nf4 24. Be2 Nxe2 25. Kxe2 Bf5 26. h5 gxh5 27. Rxh5 Bg6
28. Rh4 Qb6 29. Qh2 Rfc8 30. Be3 Qxb2 31. Rh1 Kf8 32. Rb1 Qxa3 33. Rh8+ Ke7 34.
Rxb7+ Ke6 35. Qh3+ Bf5 36. Rh6+ Bxh6 37. Qxh6+ Kd5 38. Qh1+ Be4 39. Rb5+ Rc5
40. Bxc5 dxc5 41. Qd1+ Kc6 42. Rb3 Qxa2 43. Rc3 Qa5 44. Re3 Rd8 45. Qb1 Qd2+
46. Kf1 Qd1+ 47. Qxd1 Rxd1+ 48. Ke2 Rd4 49. c3 Ra4 50. f3 Kd5 0-1

[Event "Sparkassen-Open A"]
[Site "Heusenstamm, Martinsee"]
[Date "2015.11.28"]
[Round "4.67"]
[White "Hinrichs, Niklas"]
[Black "Reinhold, Günther"]
[Result "1-0"]
[WhiteElo "1884"]
[BlackElo "1713"]
[PlyCount "113"]
[EventDate "2015.??.??"]
[WhiteTeam "SK Bingen"]
[BlackTeam "Frankfurter TV"]

1. d4 Nf6 2. c4 e6 3. Nc3 c5 4. d5 exd5 5. cxd5 d6 6. Bf4 a6 7. a4 g6 8. e3 Bg7
9. Be2 O-O 10. Nf3 Qc7 11. h3 Re8 12. O-O Nbd7 13. Qb3 Ne4 14. Rab1 Rb8 15.
Rfc1 Nxc3 16. bxc3 Ne5 17. Qb6 Qe7 18. Rb2 Nxf3+ 19. Bxf3 Be5 20. Bxe5 Qxe5 21.
Qa7 Bf5 22. Rxb7 Ra8 23. Qb6 Qf6 24. Qc6 Bxh3 25. Rb6 Rad8 26. Rxa6 Qg5 27. Kf1
Bd7 28. Qc7 Bf5 29. Rd1 Bc2 30. Rd2 Bb3 31. Ra7 Qf6 32. Qa5 Bc4+ 33. Be2 Bxe2+
34. Kxe2 Qg5 35. Qc7 Qh5+ 36. f3 Rf8 37. Qe7 Qh2 38. Qg5 Rb8 39. e4 Qg1 40. Qg3
Rb1 41. Qf2 Qc1 42. Kd3 Qa3 43. Ra6 Rc8 44. Rc2 Rcb8 45. Ke3 R8b3 46. Kf4 Rxc3
47. Rxd6 Rc1 48. Rb2 Rh1 49. Rd8+ Kg7 50. d6 Rc4 51. d7 Kh6 52. Rh8 g5+ 53. Kf5
Rd1 54. d8=Q Rxd8 55. Rxd8 Qxa4 56. Rb6+ Kg7 57. Qb2+ 1-0

[Event "Sparkassen-Open A"]
[Site "Heusenstamm, Martinsee"]
[Date "2015.11.28"]
[Round "4.68"]
[White "Haftmann, Rainer"]
[Black "Leichum, Engelbert"]
[Result "1-0"]
[WhiteElo "1866"]
[BlackElo "1670"]
[PlyCount "89"]
[EventDate "2015.??.??"]
[WhiteTeam "SG Dietzenbach"]
[BlackTeam "vereinslos"]

1. e4 e5 2. Nf3 d6 3. d4 Bg4 4. dxe5 Nc6 5. Bb5 Bxf3 6. Bxc6+ bxc6 7. gxf3 dxe5
8. Qxd8+ Rxd8 9. Ke2 Bc5 10. Be3 Bb6 11. a4 Bxe3 12. fxe3 Ne7 13. Na3 O-O 14.
Nc4 f6 15. Rad1 c5 16. Rxd8 Rxd8 17. Rd1 Rxd1 18. Kxd1 Nc6 19. c3 a5 20. Ke2
Kf7 21. Kd3 g5 22. Na3 Ke6 23. Kc4 f5 24. exf5+ Kxf5 25. Kd3 g4 26. Ke2 gxf3+
27. Kxf3 e4+ 28. Kg3 Ne5 29. h3 Kg5 30. b3 c6 31. Nb1 Nf3 32. c4 h5 33. Kg2 Kf5
34. Kg3 h4+ 35. Kf2 Nd4 36. exd4 cxd4 37. b4 Kf4 38. bxa5 e3+ 39. Ke1 Kg3 40.
a6 Kxh3 41. a7 Kg3 42. a8=Q h3 43. Qg8+ Kf3 44. Qg1 d3 45. a5 1-0

[Event "Sparkassen-Open A"]
[Site "Heusenstamm, Martinsee"]
[Date "2015.11.28"]
[Round "4.69"]
[White "Köllner, Aaron Noah"]
[Black "Blosze, Winfried"]
[Result "1/2-1/2"]
[WhiteElo "1632"]
[BlackElo "1865"]
[PlyCount "127"]
[EventDate "2015.??.??"]
[WhiteTeam "SV Bergneustadt/Derschlag"]
[BlackTeam "SV Großauheim"]

1. d4 Nf6 2. Nf3 g6 3. Nbd2 d5 4. e3 Bg7 5. b4 O-O 6. c4 c6 7. Be2 Re8 8. O-O
b6 9. Qb3 Nbd7 10. a4 e5 11. Nxe5 Nxe5 12. dxe5 Rxe5 13. Bb2 Re8 14. b5 dxc4
15. Bxc4 Be6 16. Bxe6 Rxe6 17. Nc4 Qc7 18. bxc6 Qxc6 19. Rac1 Qe8 20. Rc2 Ne4
21. Bxg7 Kxg7 22. Qb5 Qxb5 23. axb5 Rc8 24. Rfc1 Rc5 25. Na3 Ree5 26. f3 Rxc2
27. Rxc2 Nd6 28. Rc7 Nxb5 29. Nxb5 Rxb5 30. Rxa7 Rb2 31. g4 h6 32. h4 Kf6 33.
g5+ hxg5 34. hxg5+ Ke6 35. e4 Rb5 36. f4 Rb4 37. Rb7 b5 38. Rb6+ Ke7 39. f5
gxf5 40. exf5 Rg4+ 41. Kh2 Rxg5 42. Rxb5 Kf6 43. Kh3 Rxf5 44. Rb6+ Kg5 45. Kg3
Rc5 46. Rb3 f5 47. Kf3 Rc4 48. Kg3 Rg4+ 49. Kh3 Rh4+ 50. Kg2 f4 51. Kg1 Kg4 52.
Kg2 Rh5 53. Ra3 Rb5 54. Kf2 Rb2+ 55. Kf1 Rh2 56. Kg1 Re2 57. Kf1 Re4 58. Kf2
Re5 59. Kf1 f3 60. Ra8 Kf4 61. Rf8+ Ke3 62. Ra8 Re4 63. Ra3+ Kf4 64. Ra8
1/2-1/2

[Event "Sparkassen-Open A"]
[Site "Heusenstamm, Martinsee"]
[Date "2015.11.28"]
[Round "4.70"]
[White "Eg, Karlheinz"]
[Black "Schwarz, Matthias"]
[Result "1-0"]
[WhiteElo "1861"]
[BlackElo "1641"]
[PlyCount "25"]
[EventDate "2015.??.??"]
[WhiteTeam "SV Rüsselsheim"]
[BlackTeam "SG Idstein"]

1. e4 e5 2. Nf3 Nc6 3. Bb5 Nge7 4. O-O a6 5. Ba4 g6 6. d4 b5 7. Bb3 exd4 8. Ng5
d5 9. exd5 Na5 10. Qxd4 Nxb3 11. Qxh8 Nxa1 12. Nxh7 Qxd5 13. Nf6+ 1-0

[Event "Sparkassen-Open A"]
[Site "Heusenstamm, Martinsee"]
[Date "2015.11.28"]
[Round "4.71"]
[White "Deppe, Leo"]
[Black "Kunisch, Nina"]
[Result "1/2-1/2"]
[WhiteElo "1852"]
[BlackElo "1406"]
[PlyCount "122"]
[EventDate "2015.??.??"]
[WhiteTeam "SC Bad Soden"]
[BlackTeam "TV-Großostheim"]

1. d4 d5 2. c4 e6 3. Nc3 Be7 4. Bf4 c6 5. e3 Nd7 6. Nf3 Ngf6 7. h3 b6 8. cxd5
exd5 9. Bd3 h6 10. O-O a6 11. Rc1 c5 12. Qa4 Bb7 13. dxc5 b5 14. Qd1 Nxc5 15.
Bf5 O-O 16. Ne2 Bd6 17. Ne5 Nh5 18. Bh2 Qf6 19. Nd4 Bxe5 20. Bxe5 Qxe5 21. Qxh5
Qe7 22. Rc2 Ne4 23. Rfc1 Qg5 24. Qxg5 Nxg5 25. Rc7 Rab8 26. Re7 Bc8 27. Rc6
Bxf5 28. Nxf5 Ra8 29. Rd7 Rfd8 30. Rxd8+ Rxd8 31. Rxa6 Ne4 32. Rb6 Ra8 33. a3
g6 34. Ne7+ Kf8 35. Nxd5 Rc8 36. f3 Rc1+ 37. Kh2 Nd2 38. h4 Rc5 39. Rb8+ Kg7
40. Nc3 Nc4 41. Rxb5 Rxb5 42. Nxb5 Nxb2 43. e4 Nc4 44. a4 Kf6 45. f4 Ke6 46.
Nc3 Kd6 47. Kg3 Kc5 48. Nd5 Nb2 49. a5 Kb5 50. Nf6 Nc4 51. h5 gxh5 52. Kh4 Ne3
53. Kxh5 Nxg2 54. Nd5 Kxa5 55. Kxh6 Kb5 56. f5 Kc5 57. Kg7 Kd4 58. Nf6 Nh4 59.
Kxf7 Ke5 60. Kg7 Nxf5+ 61. exf5 Kxf5 1/2-1/2

[Event "Sparkassen-Open A"]
[Site "Heusenstamm, Martinsee"]
[Date "2015.11.28"]
[Round "4.72"]
[White "Papadopoulos, Ioannis"]
[Black "Kilthau, Peter"]
[Result "1/2-1/2"]
[WhiteElo "1656"]
[BlackElo "1850"]
[PlyCount "79"]
[EventDate "2015.??.??"]
[WhiteTeam "SV Oberursel"]
[BlackTeam "SK Mannheim"]

1. e4 d6 2. d4 Nf6 3. Nc3 c6 4. Be3 b5 5. a3 g6 6. Nf3 Bg7 7. Be2 a6 8. O-O O-O
9. h3 Bb7 10. Bd3 Qc7 11. Qd2 Nbd7 12. Rad1 e5 13. Rfe1 Rad8 14. Bh6 exd4 15.
Nxd4 c5 16. Nf3 Ne5 17. Nxe5 dxe5 18. Bxg7 Kxg7 19. Qe3 Rfe8 20. f3 Rd4 21. Ne2
Rd7 22. Ng3 h6 23. h4 Red8 24. h5 c4 25. Be2 Rxd1 26. Bxd1 Qd6 27. hxg6 fxg6
28. Nf1 Nh5 29. Be2 Nf4 30. g3 Ne6 31. c3 Qc5 32. Rd1 Rxd1 33. Bxd1 g5 34. Bc2
Kf6 35. Kf2 h5 36. Qxc5 Nxc5 37. Ne3 Bc6 38. Nd5+ Ke6 39. Ne3 Kf6 40. Nd5+
1/2-1/2

[Event "Sparkassen-Open A"]
[Site "Heusenstamm, Martinsee"]
[Date "2015.11.28"]
[Round "4.73"]
[White "Masoudi, Kian"]
[Black "Ciesla, Daniel"]
[Result "0-1"]
[WhiteElo "1568"]
[BlackElo "1848"]
[PlyCount "72"]
[EventDate "2015.??.??"]
[WhiteTeam "SC Bergen-Enkheim"]
[BlackTeam "SG Hermeskeil"]

1. e4 d6 2. d4 Nf6 3. Bd3 e5 4. c3 Be7 5. Ne2 O-O 6. f4 Nbd7 7. Ng3 Re8 8. O-O
c5 9. d5 exf4 10. Bxf4 Qb6 11. Qb3 Bf8 12. Nd2 Ne5 13. Bxe5 Rxe5 14. c4 Nd7 15.
Qc2 g6 16. Nf3 Re7 17. b3 Bg7 18. Rae1 h6 19. Kh1 Ne5 20. Nxe5 Bxe5 21. Qd2 Kg7
22. Ne2 Bg4 23. Nf4 Rae8 24. h3 Bc8 25. Bb1 Qc7 26. Nd3 Bg3 27. Re2 Bf5 28. Rf3
Bh4 29. e5 dxe5 30. Nc1 Bg5 31. Qd1 Bxb1 32. d6 Qd7 33. Rb2 Be4 34. Rf1 Qxh3+
35. Kg1 Be3+ 36. Rff2 Qxg2# 0-1

[Event "Sparkassen-Open A"]
[Site "Heusenstamm, Martinsee"]
[Date "2015.11.28"]
[Round "4.77"]
[White "van Foreest, Machteld"]
[Black "Hauk, Roland"]
[Result "0-1"]
[WhiteElo "1592"]
[BlackElo "1771"]
[PlyCount "82"]
[EventDate "2015.??.??"]
[WhiteTeam "Schaakclub Haren"]
[BlackTeam "SK Endingen"]

1. e4 e6 2. d4 d5 3. Nc3 Bb4 4. Bd3 c5 5. Nf3 Nc6 6. Be3 Nf6 7. e5 Ne4 8. Bxe4
dxe4 9. Bg5 Qc7 10. Nd2 cxd4 11. Ncxe4 Qxe5 12. Qe2 Qd5 13. O-O Bxd2 14. Bxd2
Bd7 15. f4 O-O-O 16. Ng5 Be8 17. a4 h6 18. Nf3 d3 19. cxd3 Qxd3 20. Qf2 Kb8 21.
b4 Nd4 22. Nxd4 Rxd4 23. Be3 Rxb4 24. Bxa7+ Ka8 25. Rfd1 Rxa4 26. Rab1 Rb4 27.
Ra1 Ra4 28. Qf3 Qxf3 29. gxf3 Kxa7 30. Rxa4+ Bxa4 31. Ra1 b5 32. Kf2 Rd8 33.
Ke3 Kb6 34. Ke4 Rd7 35. f5 Bc2+ 36. Ke5 Bxf5 37. h4 Rd5+ 38. Kf4 Rd4+ 39. Ke3
Rxh4 40. f4 Rh3+ 41. Kd4 Rd3+ 0-1

[Event "Sparkassen-Open A"]
[Site "Heusenstamm, Martinsee"]
[Date "2015.11.28"]
[Round "4.78"]
[White "Laufenburg, Frank"]
[Black "Reichel, Günther"]
[Result "1/2-1/2"]
[WhiteElo "1768"]
[BlackElo "1745"]
[PlyCount "49"]
[EventDate "2015.??.??"]
[WhiteTeam "SC Bergen-Enkheim"]
[BlackTeam "SC-SF Stockstadt"]

1. Nf3 c5 2. b3 Nc6 3. Bb2 e6 4. e3 Nf6 5. Be2 Be7 6. O-O O-O 7. d3 b5 8. a4 b4
9. Nbd2 Bb7 10. Ne5 Qc7 11. Nxc6 Bxc6 12. Nc4 d6 13. e4 Nd7 14. Ne3 Bf6 15.
Bxf6 Nxf6 16. f4 d5 17. e5 Nd7 18. Qe1 f6 19. exf6 Rxf6 20. g3 Re8 21. Bf3 Qd6
22. Ng4 Rf7 23. Qd2 e5 24. Rae1 Rfe7 25. fxe5 1/2-1/2

[Event "Sparkassen-Open A"]
[Site "Heusenstamm, Martinsee"]
[Date "2015.11.28"]
[Round "4.79"]
[White "Wehr, Jan"]
[Black "Friedel, Thomas"]
[Result "1-0"]
[WhiteElo "1713"]
[BlackElo "1615"]
[PlyCount "65"]
[EventDate "2015.??.??"]
[WhiteTeam "Krefelder SK Turm"]
[BlackTeam "SV Groß-Gerau"]

1. Nf3 Nf6 2. g3 d5 3. Bg2 Bg4 4. O-O e6 5. c4 c6 6. cxd5 exd5 7. b3 Bd6 8. Bb2
Nbd7 9. d4 O-O 10. Nbd2 Re8 11. Re1 Qa5 12. a3 Re7 13. h3 Bh5 14. g4 Bg6 15.
Nh4 Be4 16. Nxe4 Nxe4 17. Nf5 Re6 18. f3 Nef6 19. Nxd6 Rxd6 20. e4 dxe4 21.
fxe4 Re6 22. e5 Nd5 23. Be4 Qb6 24. Bf5 Re7 25. e6 N7f6 26. g5 Ne8 27. exf7+
Kxf7 28. Qh5+ Kf8 29. Rxe7 Nxe7 30. Be6 Ng6 31. Qf3+ Ke7 32. Qf7+ Kd6 33. Qd7#
1-0

[Event "Sparkassen-Open A"]
[Site "Heusenstamm, Martinsee"]
[Date "2015.11.28"]
[Round "4.80"]
[White "Kabakci, Cem"]
[Black "Saluvar, Bülent"]
[Result "1-0"]
[WhiteElo "1496"]
[BlackElo "1799"]
[PlyCount "57"]
[EventDate "2015.??.??"]
[WhiteTeam "SK Handschuhsheim"]
[BlackTeam "SC Münster"]

1. e4 c5 2. Nf3 d6 3. d4 cxd4 4. Nxd4 Nf6 5. Nc3 a6 6. Bg5 e6 7. Be2 Be7 8. Qd2
O-O 9. f4 Qc7 10. Nf3 Nc6 11. Bh4 b5 12. Bd3 Bb7 13. Ne2 Nd7 14. Bxe7 Nxe7 15.
Ng3 Nc5 16. O-O Nxd3 17. cxd3 Qb6+ 18. Kh1 Rac8 19. Rac1 h6 20. f5 exf5 21.
exf5 Nd5 22. Ne4 Kh7 23. Rxc8 Rxc8 24. Rc1 Rxc1+ 25. Qxc1 Ne7 26. f6 Bxe4 27.
fxe7 Qb8 28. dxe4 Qe8 29. Qc7 1-0

[Event "Sparkassen-Open A"]
[Site "Heusenstamm, Martinsee"]
[Date "2015.11.28"]
[Round "4.81"]
[White "Traut, Stefan"]
[Black "Lanz, Udo"]
[Result "1/2-1/2"]
[WhiteElo "1687"]
[BlackElo "1781"]
[PlyCount "84"]
[EventDate "2015.??.??"]
[WhiteTeam "SF Heusenstamm"]
[BlackTeam "VSG Offenbach"]

1. d4 f5 2. Bg5 g6 3. Nf3 Bg7 4. c4 d6 5. h3 Nf6 6. Nc3 c6 7. Bxf6 Bxf6 8. e3
O-O 9. Be2 Qc7 10. O-O e5 11. dxe5 dxe5 12. Qc2 Be6 13. Rad1 Na6 14. a3 Rae8
15. b4 Qf7 16. Nb1 Nc7 17. Rd2 Bc8 18. Rfd1 Ne6 19. Nc3 e4 20. Nh2 Qg7 21. Nb1
Nc7 22. g3 Qf7 23. Nc3 h5 24. Rc1 Re7 25. Rcd1 Be6 26. Nb1 Na8 27. Rd8 Ree8 28.
Rxe8 Rxe8 29. Rd2 Nb6 30. c5 Nd5 31. Bc4 Qg7 32. Bxd5 Bxd5 33. Nf1 g5 34. Rd1
f4 35. Nfd2 fxe3 36. fxe3 Qc7 37. Kg2 Qe5 38. Nc4 Qe6 39. Nbd2 h4 40. g4 Kg7
41. Nd6 Rf8 42. Rf1 Qe5 1/2-1/2

[Event "Sparkassen-Open A"]
[Site "Heusenstamm, Martinsee"]
[Date "2015.11.28"]
[Round "4.82"]
[White "Köllner, Felicitas Ophelia"]
[Black "Gelfenbaum, Daniel"]
[Result "1-0"]
[WhiteElo "1682"]
[BlackElo "1771"]
[PlyCount "87"]
[EventDate "2015.??.??"]
[WhiteTeam "SV Bergneustadt/Derschlag"]
[BlackTeam "TuS Makkabi"]

1. d4 Nf6 2. Nf3 g6 3. e3 d5 4. c4 c6 5. Be2 Bg7 6. O-O O-O 7. Nc3 b6 8. b4 Ba6
9. cxd5 Bxe2 10. Qxe2 cxd5 11. Bb2 Nc6 12. a3 Rc8 13. Rac1 e6 14. Rc2 Ne4 15.
Rfc1 Nxc3 16. Bxc3 Qd7 17. Bb2 Qb7 18. Qb5 a6 19. Qe2 b5 20. Nd2 Rc7 21. Nb3
Rfc8 22. Nc5 Qb6 23. Bc3 Bf8 24. Qd1 Bxc5 25. dxc5 Qa7 26. Bb2 Rd7 27. Rd2 Qc7
28. Qf3 f5 29. Qe2 Rcd8 30. Rcd1 e5 31. Rd3 d4 32. exd4 exd4 33. Qe6+ Kf8 34.
Bxd4 Nxd4 35. Rxd4 Rxd4 36. Rxd4 Rxd4 37. Qf6+ Qf7 38. Qxd4 Qa2 39. Qh8+ Kf7
40. Qxh7+ Kf6 41. h3 Qxa3 42. Qh8+ Kf7 43. Qd4 Ke8 44. Qe3+ 1-0

[Event "Sparkassen-Open A"]
[Site "Heusenstamm, Martinsee"]
[Date "2015.11.28"]
[Round "4.83"]
[White "Miller, Justin"]
[Black "Wilk, David"]
[Result "0-1"]
[WhiteElo "1736"]
[BlackElo "1668"]
[PlyCount "48"]
[EventDate "2015.??.??"]
[WhiteTeam "Sfr. Kelkheim"]
[BlackTeam "SF Mainz"]

1. e4 e5 2. Nf3 Nc6 3. Bb5 a6 4. Ba4 b5 5. Bb3 Nf6 6. O-O Be7 7. Re1 Na5 8.
Nxe5 Nxb3 9. axb3 O-O 10. d3 Bb7 11. Nd2 d5 12. exd5 Nxd5 13. Ne4 f5 14. Ng3
Bd6 15. Nf3 Nf4 16. Bxf4 Bxf4 17. Qe2 Bd6 18. Qe6+ Kh8 19. Nxf5 Bc8 20. Nxg7
Bxe6 21. Nxe6 Qf6 22. Nxf8 Rxf8 23. c3 Rg8 24. d4 Qxf3 0-1

[Event "Sparkassen-Open A"]
[Site "Heusenstamm, Martinsee"]
[Date "2015.11.28"]
[Round "4.84"]
[White "Fischer, Lutz"]
[Black "Kornilov, Alexander"]
[Result "1/2-1/2"]
[WhiteElo "1729"]
[BlackElo "1653"]
[PlyCount "53"]
[EventDate "2015.??.??"]
[WhiteTeam "SF Frankfurt"]
[BlackTeam "SC Butzbach"]

1. e4 c5 2. Nf3 Nc6 3. Bb5 e6 4. Bxc6 bxc6 5. d3 d5 6. e5 h6 7. O-O Ba6 8. Nbd2
Ne7 9. Nh4 Nc8 10. Qg4 Qd7 11. f4 Nb6 12. b3 c4 13. bxc4 dxc4 14. Ndf3 cxd3 15.
Rd1 O-O-O 16. cxd3 Bxd3 17. Be3 Qc7 18. Nd4 Ba6 19. Nxc6 Rxd1+ 20. Qxd1 Qxc6
21. Rc1 Nc4 22. Qd4 Qb6 23. Qxc4+ Bxc4 24. Bxb6 axb6 25. Rxc4+ Bc5+ 26. Kf1 Kb7
27. a4 1/2-1/2

[Event "Sparkassen-Open A"]
[Site "Heusenstamm, Martinsee"]
[Date "2015.11.28"]
[Round "4.85"]
[White "Midanka, Vladimir"]
[Black "Lessmann, Sven"]
[Result "1-0"]
[WhiteElo "1700"]
[BlackElo "1593"]
[PlyCount "101"]
[EventDate "2015.??.??"]
[WhiteTeam "vereinslos"]
[BlackTeam "SC Bad Soden"]

1. Nf3 Nf6 2. d4 g6 3. c4 Bg7 4. Nc3 d6 5. e4 O-O 6. Be2 Nbd7 7. O-O e5 8. dxe5
Nxe5 9. Nxe5 dxe5 10. Bg5 Qe8 11. Qd2 b6 12. Rad1 Bb7 13. f3 Rd8 14. Qc1 c6 15.
Rxd8 Qxd8 16. Rd1 Qc7 17. Qd2 Ne8 18. Bd8 Qb8 19. Be7 Nc7 20. Bxf8 Bxf8 21. Qd8
Qxd8 22. Rxd8 Ne6 23. Rd7 Nc5 24. Rd2 a5 25. a3 a4 26. Rd8 Kg7 27. Bd1 Ba6 28.
Be2 Be7 29. Ra8 Bb7 30. Rb8 Bg5 31. Kf2 Bc1 32. Nd1 Bd2 33. h4 h6 34. g3 Ba5
35. Re8 Kf6 36. g4 Ba6 37. g5+ hxg5 38. hxg5+ Kxg5 39. Rxe5+ Kf4 40. Re7 f6 41.
Rc7 Bb7 42. Rg7 g5 43. Re7 Bc8 44. e5 fxe5 45. Rf7+ Bf5 46. Ne3 Be1+ 47. Kxe1
Kxe3 48. Rxf5 e4 49. fxe4 Nxe4 50. Re5 Kd4 51. Re6 1-0

[Event "Sparkassen-Open A"]
[Site "Heusenstamm, Martinsee"]
[Date "2015.11.28"]
[Round "5.2"]
[White "Sadzikowski, Daniel"]
[Black "Feller, Sebastien"]
[Result "1-0"]
[WhiteElo "2510"]
[BlackElo "2622"]
[PlyCount "123"]
[EventDate "2015.??.??"]
[WhiteTeam "SC Heusenstamm"]
[BlackTeam "Thionville"]

1. e4 c5 2. Nf3 d6 3. d4 cxd4 4. Nxd4 Nf6 5. Nc3 a6 6. Be3 e5 7. Nb3 Be6 8. f3
Nbd7 9. Qd2 b5 10. O-O-O h5 11. h3 Be7 12. Kb1 h4 13. a3 O-O 14. Bf2 Nh5 15.
Nd5 Bxd5 16. exd5 f5 17. Na5 Bg5 18. Qb4 Qf6 19. c4 e4 20. Bd4 Qh6 21. cxb5 Ng3
22. Rg1 Be3 23. Bxe3 Qxe3 24. Bc4 axb5 25. Bxb5 Nc5 26. Nc6 Rf7 27. Qd4 Qb3 28.
Bc4 Qa4 29. Qc3 Rb7 30. Nb4 Rab8 31. Rge1 Rxb4 32. axb4 Rxb4 33. Rc1 Qa5 34. b3
Qb6 35. Kc2 Nd7 36. Qe3 Qc7 37. Qc3 Qb6 38. Qe3 Qc7 39. Qc3 Rb8 40. Ra1 Rc8 41.
Ra6 Nb6 42. Qa5 Rb8 43. Ra7 Qd8 44. Qc3 Qg5 45. Qd4 Nh5 46. fxe4 Qxg2+ 47. Re2
Qxh3 48. exf5 Nxc4 49. Qxc4 Qxf5+ 50. Qe4 Rc8+ 51. Kd2 Qg5+ 52. Re3 Nf4 53. Ra4
Rf8 54. Kc2 Nxd5 55. Qe6+ Kh7 56. Rxh4+ Qxh4 57. Rh3 Rf2+ 58. Kc1 Rf1+ 59. Kb2
Rf2+ 60. Ka3 Qxh3 61. Qxh3+ Kg6 62. Qg3+ 1-0